Deutsche Fußball-Nationalspieler 2015 - Statistiken

Allgemein
  • Dieses Quiz wurde 146 mal gespielt
  • Das Durchschnittsergebnis liegt bei 17 aus 31
Antwortstatistiken
Hint Antwort % Korrekt
Tor Manuel Neuer
99%
Abwehr Jérôme Boateng
88%
Abwehr Mats Hummels
88%
Mittelfeld Bastian Schweinsteiger
82%
Mittelfeld Mario Götze
78%
Mittelfeld Toni Kroos
77%
Tor Roman Weidenfeller
75%
Mittelfeld Thomas Müller
75%
Mittelfeld Mesut Özil
73%
Angriff Lukas Podolski
71%
Abwehr Benedikt Höwedes
63%
Mittelfeld Marco Reus
63%
Tor Ron-Robert Zieler
63%
Mittelfeld İlkay Gündoğan
62%
Angriff Mario Gomez
62%
Mittelfeld Sami Khedira
62%
Angriff André Schürrle
58%
Abwehr Matthias Ginter
57%
Mittelfeld Julian Draxler
45%
Angriff Leroy Sané
45%
Abwehr Shkodran Mustafi
45%
Abwehr Jonas Hector
44%
Mittelfeld Christoph Kramer
40%
Abwehr Antonio Rüdiger
39%
Abwehr Emre Can
31%
Angriff Max Kruse
23%
Angriff Kevin Volland
21%
Mittelfeld Sebastian Rudy
21%
Mittelfeld Karim Bellarabi
17%
Abwehr Holger Badstuber
15%
Mittelfeld Patrick Herrmann
11%
Keine übereinstimmenden Quizze gefunden
Verteilung der Resultate
Anzahl Personen mit jedem Resultat
Perzentil nach korrekt beantworteten Fragen
Ihre Resultats-Entwicklung
Sie haben dieses Quiz noch nicht gespielt